000 02937nam a22003257a 4500
008 090120t xxu||||| |||| 00| 0 eng d
010 _aB-341313-323
020 _c£17.00 (Rs. 1346.40)
_a97819044994367
035 _aB-341313-323
037 _bSuper Books
040 _adpl
_bEnglish
082 _a031.02
245 _aGuinness world records 2009 /
_cedited by Craig Glenday
260 _bGuinness World Records
_c2009
300 _a287p
_c29cm.(Hb)
700 _aGlenday, Craig
942 _2ddc
_cRF
_mGUI
_h031.02
999 _c24435
_d24435